[Event "Sonderjysk-ch C"]
[Site "Haderslev"]
[Date "2013.06.03"]
[Round "5"]
[White "Petersen, Lasse Borring"]
[Black "Harbo, Ole"]
[Result "0-1"]
[WhiteElo "1000"]
[BlackElo "1020"]
[PlyCount "76"]
[EventDate "2013.04.29"]
[EventType "swiss"]
[EventRounds "5"]
[EventCountry "DEN"]
[SourceTitle "EXT 2023"]
[Source "ChessBase"]
[SourceDate "2022.10.05"]
[SourceVersion "1"]
[SourceVersionDate "2022.10.05"]
[SourceQuality "1"]

1. e4 e5 2. Nf3 Nc6 3. Bc4 Nf6 4. Nc3 Bc5 5. 0-0 a6 6. h3 b5 7. Bd5 Nxd5 8. Nxd5 0-0 9. d3 d6 10. Bg5 f6 11. Bh4 Na5 12. b4 c6 13. Nc3 Bxb4 14. Qe1 c5 15. a3 Bxc3 16. Qxc3 Qb6 17. Rfb1 Be6 18. a4 b4 19. Qd2 d5 20. exd5 Bxd5 21. c3 Nb3 22. Qc2 Nxa1 23. Rxa1 b3 24. Qb2 e4 25. dxe4 Bxe4 26. a5 Qb5 27. Bg3 c4 28. Bd6 Rfe8 29. Ba3 Bxf3 30. gxf3 Qg5+ 31. Kf1 Re6 32. Qd2 Qf5 33. Re1 Qxh3+ 34. Kg1 h6 35. Qd5 Rae8 36. Rxe6 Rxe6 37. Qd8+ Kh7 38. Qd5 Re1# 0-1